[Event "Liberec op 12th"]
[Site "Liberec"]
[Date "2011.10.22"]
[Round "1"]
[White "Chmelik, Ladislav"]
[Black "Vlasak, Lukas"]
[Result "0-1"]
[WhiteElo "1857"]
[BlackElo "2319"]
[PlyCount "54"]
[EventDate "2011.10.22"]
[EventType "swiss"]
[EventRounds "9"]
[EventCountry "CZE"]
[SourceTitle "EXT 2012"]
[Source "ChessBase"]
[SourceDate "2011.11.24"]
[SourceVersion "1"]
[SourceVersionDate "2011.11.24"]
[SourceQuality "1"]

1. d4 Nf6 2. Nf3 e6 3. g3 b6 4. Bg2 Bb7 5. 0-0 Be7 6. c4 0-0 7. Nc3 d6 8. Qc2 c5 9. dxc5 bxc5 10. Rd1 Nc6 11. a3 Qc8 12. Bg5 Rd8 13. Rd2 h6 14. Bf4 e5 15. Be3 Nd4 16. Bxd4 cxd4 17. Na2 Be4 18. Qd1 Qxc4 19. b3 Qe6 20. Rc1 Rac8 21. Rxc8 Rxc8 22. Nb4 Nd5 23. Nxd4 exd4 24. Bxe4 Nc3 25. Bd5 Nxd5 26. Nxd5 Qxd5 27. Rxd4 Qe6 0-1

[Event "Teplice op 6th"]
[Site "Teplice"]
[Date "2011.06.19"]
[Round "9"]
[White "Chmelik, Ladislav"]
[Black "Stastny, Petr"]
[Result "0-1"]
[WhiteElo "1865"]
[BlackElo "2087"]
[PlyCount "74"]
[EventDate "2011.06.11"]
[EventType "swiss"]
[EventRounds "9"]
[EventCountry "CZE"]
[SourceTitle "CBM 142 Extra"]
[Source "ChessBase"]
[SourceDate "2011.06.27"]
[SourceVersion "1"]
[SourceVersionDate "2011.06.27"]
[SourceQuality "1"]

1. c4 e5 2. Nc3 Nf6 3. g3 d5 4. Bg2 d4 5. Ne4 Nxe4 6. Bxe4 Nd7 7. d3 Nc5 8. Bg2 g6 9. Nf3 Bg7 10. 0-0 0-0 11. b4 Ne6 12. Rb1 a5 13. a3 axb4 14. axb4 f5 15. Qb3 Kh8 16. c5 e4 17. Nd2 e3 18. Nc4 f4 19. Bb2 Bd7 20. Na5 fxg3 21. fxg3 Qg5 22. Nxb7 Rf2 23. c6 Nf4 24. Rxf2 exf2+ 25. Kxf2 Be6 26. Qc2 Nxg2 27. Kxg2 Qe3 28. Rf1 Bd5+ 29. Rf3 Rf8 30. Qd1 Bxc6 31. Nc5 Bxf3+ 32. exf3 Ra8 33. Qb3 Qe2+ 34. Kh3 Qxf3 35. Ne6 Qf1+ 36. Kh4 Bf6+ 37. Ng5 h6 0-1

[Event "Teplice op 6th"]
[Site "Teplice"]
[Date "2011.06.17"]
[Round "7"]
[White "Chmelik, Ladislav"]
[Black "Papay, Marek"]
[Result "1-0"]
[WhiteElo "1865"]
[BlackElo "1965"]
[PlyCount "67"]
[EventDate "2011.06.11"]
[EventType "swiss"]
[EventRounds "9"]
[EventCountry "CZE"]
[SourceTitle "CBM 142 Extra"]
[Source "ChessBase"]
[SourceDate "2011.06.27"]
[SourceVersion "1"]
[SourceVersionDate "2011.06.27"]
[SourceQuality "1"]

1. d4 Nf6 2. Nf3 g6 3. g3 Bg7 4. Bg2 0-0 5. 0-0 d5 6. c4 dxc4 7. Nbd2 c6 8. Nxc4 Nbd7 9. b3 Nb6 10. Nfe5 a5 11. Bd2 a4 12. Bb4 Nfd5 13. Nxb6 Nxb6 14. Bc5 Be6 15. Qc2 Nd7 16. Nxd7 Qxd7 17. bxa4 Ra6 18. Rab1 Rfa8 19. Rb4 Rb8 20. Rfb1 b5 21. R1b2 f5 22. Qd2 Rb7 23. axb5 Rxb5 24. Bxc6 Qxc6 25. Rxb5 Qe4 26. Rb8+ Kf7 27. R2b7 Rxa2 28. Rxe7+ Kf6 29. Qxa2 Bxa2 30. Rxe4 fxe4 31. e3 h5 32. Bd6 Kf5 33. Rb5+ Kg4 34. Kg2 1-0